000 00505nam a2200193Ia 4500
001 64979
008 150303s9999 xx 000 0 und d
020 _aNA
040 _cPK-LaUMT
082 _a 613.284
_bGUP-H
100 _aGupta, Krishin
245 _aHigh blood cholestrol (Urdu)
_cGupta, Krishin|Tahir Mansoor Farooqi
260 _aLahore,Pakistan:
_bTakhleqaat,
_c2012
300 _a216 p.
546 _aUR
650 _aHigh blood cholestrol
700 _aTahir Mansoor Farooqi
942 _cBK
999 _c67023
_d67023